A release of energy (Record no. 78836)
[ view plain ]
| 000 -LEADER | |
|---|---|
| fixed length control field | 01149cab a22002055a 4500 |
| 001 - CONTROL NUMBER | |
| control field | L138341 |
| 008 - FIXED-LENGTH DATA ELEMENTS--GENERAL INFORMATION | |
| fixed length control field | 070530e20070511xxk f 000 0 eng d |
| 035 ## - SYSTEM CONTROL NUMBER | |
| System control number | (Sirsi) u138341 |
| 041 0# - LANGUAGE CODE | |
| Language code of text/sound track or separate title | eng |
| 100 1# - MAIN ENTRY--PERSONAL NAME | |
| Personal name | Morris, Huw |
| 245 02 - TITLE STATEMENT | |
| Title | A release of energy |
| 260 ## - PUBLICATION, DISTRIBUTION, ETC. | |
| Date of publication, distribution, etc. | 2007 |
| 490 ## - SERIES STATEMENT | |
| Series statement | Planning (for the natural and built environment) |
| Volume/sequential designation | (1718) 11 May 2007, 19-22(2) |
| 520 ## - SUMMARY, ETC. | |
| Summary, etc. | Discusses issues around the emerging technology of microgeneration technologies. Such technologies can be fitted to homes by householders. Energy efficiency results are considerable. Discusses the need to alter planning restrictions so that such technologies can be more readily fitted. Discusses each technology in detail. Wind turbines have the largest planning problem. Solar panels are less problematic but also require planning permission. Biomass requires an escape flue which may require more lax planning laws. Hydropower, heat pumps and CHP technologies are also covered. |
| 590 ## - LOCAL NOTE (RLIN) | |
| Local note | KA |
| 650 24 - SUBJECT ADDED ENTRY--TOPICAL TERM | |
| Topical term or geographic name entry element | ENERGY EFFICIENCY |
| 651 #4 - SUBJECT ADDED ENTRY--GEOGRAPHIC NAME | |
| Geographic name | ENGLAND AND WALES |
| 690 ## - LOCAL SUBJECT ADDED ENTRY--TOPICAL TERM (OCLC, RLIN) | |
| Topical term or geographic name as entry element | ENVIRONMENTAL AND LAND CONSULTANCY-ENERGY-ENERGY USE-ENERGY EFFICIENCY |
| 942 ## - ADDED ENTRY ELEMENTS (KOHA) | |
| Suppress in OPAC | 0 |
| Withdrawn status | Lost status | Source of classification or shelving scheme | Damaged status | Not for loan | Home library | Current library | Shelving location | Date acquired | Total Checkouts | Full call number | Barcode | Date last seen | Copy number | Price effective from | Koha item type |
|---|---|---|---|---|---|---|---|---|---|---|---|---|---|---|---|
| Dewey Decimal Classification | London | London | Journal article | 30/05/2007 | L138341 | 138341-1001 | 06/08/2019 | 1 | 06/08/2019 | Journal article |